DC- All Lantern Corps Oaths - Statistics

General Stats
  • This quiz has been taken 99 times
    91 since last reset
  • The average score is 147 of 307
Answer Stats
Corps Word % Correct
Dawnbreaker | Phantom I
93%
Alpha | Blue | Green | +2 others In
90%
Alpha | Blue | Green | +3 others in
90%
Black black
87%
Dawnbreaker black,
87%
Black Night
87%
Blue | Green | Phantom | +2 others night,
87%
Ultraviolet night.
87%
Blue bright!
83%
Dawnbreaker | Green | Yellow brightest
83%
Blue | Green | Phantom | +2 others day,
83%
Dawnbreaker day
83%
Green Green
83%
Indigo lantern
83%
Red a
80%
Black | Dawnbreaker | Green | Phantom my
80%
Black Blackest
77%
Green | Violet | Yellow blackest
77%
Black light
77%
Blue Light,
77%
Dawnbreaker | Green | Phantom | +2 others light!
77%
Ultraviolet light.
77%
Dawnbreaker No
77%
Green no
77%
Black | Green | Ultraviolet shall
73%
Green escape
70%
Green evil
70%
Dawnbreaker | Green | Phantom | Yellow power,
70%
Dawnbreaker | Green sight!
70%
Ultraviolet sight.
70%
Alpha | Ultraviolet be
67%
Orange | Phantom | Red is
67%
Indigo lo
67%
Dawnbreaker Might
67%
Green | Phantom might,
67%
Yellow might!
67%
Orange mine
67%
Orange mine!
67%
Black | Orange | Phantom | +3 others and
63%
Orange And
63%
Dawnbreaker Beware
63%
Green | Yellow beware
63%
Green Lantern's
63%
Violet love
60%
Black | Blue | Ultraviolet all
57%
Red | Violet all,
57%
Red red,
57%
Phantom | Red that
57%
Alpha | Black | Blue | +3 others the
57%
Black The
57%
Green | Violet | Yellow those
57%
Green | Yellow who
57%
Red you
57%
Black | Red | Yellow your
57%
Ultraviolet Your
57%
Ultraviolet darkest
53%
Orange Not
53%
Red rage
53%
Orange What's
53%
Yellow what's
53%
Red blood
50%
Alpha for,
50%
Blue | Phantom | Violet for
50%
Violet For
50%
Blue hope
50%
Phantom Ring
50%
Phantom ring,
50%
Violet ring
50%
Blue | Dawnbreaker | Yellow to
50%
Alpha war,
50%
Blue War
50%
Alpha Corps!
47%
Black dead
47%
Red dead,
47%
Green evil's
47%
Green | Yellow Let
47%
Yellow Sinestro's/Arkillo's
47%
Black | Phantom | Ultraviolet We
47%
Green worship
47%
Orange yours!
47%
Red Fate!
43%
Alpha Alpha
40%
Dawnbreaker dawn
40%
Black | Red from
40%
Black hand,
40%
Blue | Phantom | Red | +2 others our
40%
Violet violet
40%
Blue | Red | Violet with
40%
Dawnbreaker | Red With
40%
Red | Yellow burn
37%
Alpha | Blue | Red | +2 others of
37%
Black rise!
37%
Violet fight,
33%
Red hate,
33%
Red so
33%
Red corpse
30%
Red crimson
30%
Black | Dawnbreaker darkness
30%
Black demise!
30%
Blue | Violet lost
30%
Phantom Phantom
30%
Phantom right!
30%
Yellow right
30%
Blue When
30%
Blue burns
27%
Alpha days
27%
Yellow fears
27%
Red freshly
27%
Red hellish
27%
Phantom last
27%
Blue look
27%
Yellow made
27%
Blue raging
27%
Red ripped
27%
Ultraviolet shield
27%
Blue stars
27%
Indigo Tor
27%
Ultraviolet unseen
27%
Red we'll
27%
Black as
23%
Black | Ultraviolet By
23%
Dawnbreaker choke
23%
Violet conquers
23%
Dawnbreaker Dawnbreaker's
23%
Phantom desperate
23%
Blue fearful
23%
Blue full,
23%
Violet full
23%
Black | Blue | Violet hearts
23%
Phantom hopeless
23%
Yellow into
23%
Violet join
23%
Alpha nights
23%
Blue strong
23%
Indigo Sur,
23%
Indigo Sur!
23%
Alpha us
23%
Violet accept
20%
Indigo Formorrow
20%
Ultraviolet grow
20%
Blue ignite!
20%
Indigo ker
20%
Violet long
20%
Blue souls
20%
Yellow stop
20%
Phantom strength
20%
Indigo Ter
20%
Red together
20%
Yellow try
20%
Phantom yearn
20%
Indigo Abin
17%
Violet alone
17%
Indigo bor
17%
Black crave
17%
Indigo faan
17%
Black falls
17%
Violet fright,
17%
Indigo lek
17%
Yellow like
17%
Alpha peace,
17%
Blue seems
17%
Phantom seize
17%
Black skies!
17%
Ultraviolet sword
17%
Indigo ur,
17%
Ultraviolet Wield
17%
Black dies!
13%
Black grows
13%
Yellow his
13%
Alpha laws
13%
Indigo lorek
13%
Alpha Misconduct
13%
Indigo mur,
13%
Indigo nakka
13%
Indigo Natromo
13%
Indigo nok,
13%
Indigo san,
13%
Ultraviolet self
13%
Indigo Taan
13%
Indigo tornek
13%
Indigo wot
13%
Ultraviolet beyond
10%
Dawnbreaker escapes
10%
Ultraviolet feed
10%
Alpha forever
10%
Ultraviolet knight.
10%
Dawnbreaker midnight!
10%
Alpha obey
10%
Alpha swear
10%
Alpha answered
7%
Alpha chosen,
7%
Alpha more!
7%
Alpha must
7%
Dawnbreaker turn
3%
No matching quizzes found
Score Distribution
Percent of People with Each Score
Percentile by Number Answered
Your Score History
You have not taken this quiz since the last reset